<?xml version="1.0" encoding="UTF-8"?>
<collection xmlns="http://www.loc.gov/MARC21/slim">
<record>
  <controlfield tag="001">47862</controlfield>
  <controlfield tag="005">20250430094145.0</controlfield>
  <datafield tag="024" ind1="8" ind2=" ">
    <subfield code="2">sideral</subfield>
    <subfield code="a">88349</subfield>
  </datafield>
  <datafield tag="037" ind1=" " ind2=" ">
    <subfield code="a">ART-2014-88349</subfield>
  </datafield>
  <datafield tag="041" ind1=" " ind2=" ">
    <subfield code="a">spa</subfield>
  </datafield>
  <datafield tag="100" ind1=" " ind2=" ">
    <subfield code="a">Villanueva Morte, Concepción</subfield>
    <subfield code="u">Universidad de Zaragoza</subfield>
    <subfield code="0">(orcid)0000-0002-1611-2942</subfield>
  </datafield>
  <datafield tag="245" ind1=" " ind2=" ">
    <subfield code="a">Aragón y Valencia en el siglo XV: vínculos económicos entre espacios políticos fronterizos</subfield>
  </datafield>
  <datafield tag="260" ind1=" " ind2=" ">
    <subfield code="c">2014</subfield>
  </datafield>
  <datafield tag="506" ind1="0" ind2=" ">
    <subfield code="a">Access copy available to the general public</subfield>
    <subfield code="f">Unrestricted</subfield>
  </datafield>
  <datafield tag="520" ind1="3" ind2=" ">
    <subfield code="a">En este estudio se examinan las relaciones econo´micas mantenidas entre el sur de Arago´n y norte de Valencia en el siglo XV, merced a la influencia mutua surgida en el espacio fronterizo existente entre estos dos reinos vecinos pertenecientes a la Corona de Arago´n.
Unos intercambios fluidos e intensos que contribuyeron a configurar un espacio imbricado por la propia foralidad, la proyeccio´n de sen~ori´os y el aspecto nobiliar compartido; favorecido por la proximidad geogra´fica y orogra´fica, pero tambie´n por la fuerte movilidad poblacional y las constantes migraciones perio´dicas ligadas sobre todo a la bu´squeda de mercado laboral o a las obligaciones que imponi´a la trashu- mancia ganadera dentro de una regio´n econo´mica compartida. Una interaccio´n que tambie´n afecto´ en u´ltimo extremo al plano cultural, arti´stico y religioso.
Una permanente convergencia econo´mica promovida por el continuo traslado de personas y de mercaderi´as que ha sido constatado a trave´s del ana´lisis de varias tablas fiscales derivadas del cobro del impuesto del General en ambos lados de la frontera. Subrayar, en este sentido, la importancia del lugar de Barracas como punto clave de percepcio´n de impuestos en el sistema administrativo aragone´s y valencia- no a mediados del siglo XV, uno de tantos puestos aduaneros con los que contaba la Generalidad del reino de Arago´n y como “taula” de peaje limi´trofe del reino de Valencia. Documentacio´n que ha sido contrastada con otro tipo de fuentes coeta´neas (notariales, municipales, judiciales, reales, forales...), a fin de mostrar las caracteri´sti- cas e importancia del comercio interior a corta y media distancia vigente a partir de la segunda mitad del Cuatrocientos.</subfield>
  </datafield>
  <datafield tag="540" ind1=" " ind2=" ">
    <subfield code="9">info:eu-repo/semantics/openAccess</subfield>
    <subfield code="a">by-nc-nd</subfield>
    <subfield code="u">http://creativecommons.org/licenses/by-nc-nd/3.0/es/</subfield>
  </datafield>
  <datafield tag="655" ind1=" " ind2="4">
    <subfield code="a">info:eu-repo/semantics/article</subfield>
    <subfield code="v">info:eu-repo/semantics/publishedVersion</subfield>
  </datafield>
  <datafield tag="710" ind1="2" ind2=" ">
    <subfield code="1">3008</subfield>
    <subfield code="2">485</subfield>
    <subfield code="a">Universidad de Zaragoza</subfield>
    <subfield code="b">Dpto. Hª.Medieval,CC.TT.Histo.</subfield>
    <subfield code="c">Área Historia Medieval</subfield>
  </datafield>
  <datafield tag="773" ind1=" " ind2=" ">
    <subfield code="g">48 (2014), 133-160</subfield>
    <subfield code="t">Anales de Historia Antigua, Medieval y Moderna</subfield>
    <subfield code="x">1514-9927</subfield>
  </datafield>
  <datafield tag="856" ind1="4" ind2=" ">
    <subfield code="s">1438323</subfield>
    <subfield code="u">http://zaguan.unizar.es/record/47862/files/texto_completo.pdf</subfield>
    <subfield code="y">Versión publicada</subfield>
  </datafield>
  <datafield tag="856" ind1="4" ind2=" ">
    <subfield code="s">71632</subfield>
    <subfield code="u">http://zaguan.unizar.es/record/47862/files/texto_completo.jpg?subformat=icon</subfield>
    <subfield code="x">icon</subfield>
    <subfield code="y">Versión publicada</subfield>
  </datafield>
  <datafield tag="909" ind1="C" ind2="O">
    <subfield code="o">oai:zaguan.unizar.es:47862</subfield>
    <subfield code="p">articulos</subfield>
    <subfield code="p">driver</subfield>
  </datafield>
  <datafield tag="951" ind1=" " ind2=" ">
    <subfield code="a">2025-04-30-09:38:18</subfield>
  </datafield>
  <datafield tag="980" ind1=" " ind2=" ">
    <subfield code="a">ARTICLE</subfield>
  </datafield>
</record>
</collection>